| 000 | 00838cam a2200229 4500 | ||
|---|---|---|---|
| 001 | WB364001 | ||
| 008 | 000000n2000 000 0 eng u | ||
| 035 | _a(Sirsi) u108727 | ||
| 245 | _aBad news for historic buildings | ||
| 260 | _c2000 | ||
| 490 |
_aBuilding Design _v(1459) 6 October 2000, 4(1) |
||
| 520 | _aEnglish Heritage has warned that proposed changes to Part L of the building regulations, which could force the replacement of traditional small frame windows with plastic frames, could seriously damage Britain's architectural history. | ||
| 590 | _aWB | ||
| 650 |
_aBUILDING REGULATIONS _96224 |
||
| 650 | _aBUILDING REGULATIONS PART L | ||
| 650 | _aWINDOW FRAMES | ||
| 650 | _aTHERMAL INSULATION | ||
| 650 | _aENGLISH HERITAGE | ||
| 650 | _aHISTORIC BUILDINGS | ||
| 690 | _aBUILDING CONSERVATION | ||
| 942 | _n0 | ||
| 999 |
_c64904 _d64904 |
||